[Event "DEM U12w 2018"]
[Site "Willingen GER"]
[Date "2018.05.25"]
[Round "9"]
[White "Schulz, Hannah"]
[Black "Ulrich, Helena Irene"]
[Result "1/2-1/2"]
[Termination "normal"]
[Board "8"]
[WhiteElo "1651"]
[BlackElo "1282"]
[WhiteClock "00:30:02"]
[BlackClock "00:08:29"]
[PlyCount "94"]
[WhiteFideId "16244745"]
[BlackFideId "16256000"]
[EventCountry "GER"]
[EventRounds "11"]
[EventType "swiss"]
[EventDate "2018.05.19"]

1. e4 {[%clk 1:15:59]} 1... c5 {[%clk 1:15:56]} 2. Nf3 {[%clk 1:16:25]} 2... d6
{[%clk 1:16:19]} 3. d4 {[%clk 1:16:51]} 3... cxd4 {[%clk 1:16:40]} 4. Nxd4 {
[%clk 1:17:16]} 4... Nf6 {[%clk 1:16:58]} 5. Nc3 {[%clk 1:17:40]} 5... a6 {
[%clk 1:17:07]} 6. Bd3 {[%clk 1:18:00]} 6... e5 {[%clk 1:17:19]} 7. Nde2 {
[%clk 1:18:20]} 7... Be7 {[%clk 1:16:15]} 8. O-O {[%clk 1:18:40]} 8... O-O 9.
Kh1 {[%clk 1:18:34]} 9... Be6 {[%clk 1:12:35]} 10. f4 {[%clk 1:13:00]} 10...
Nc6 {[%clk 1:02:51]} 11. f5 {[%clk 1:11:56]} 11... Bc8 {[%clk 1:02:31]} 12. a3
{[%clk 1:07:31]} 12... b5 {[%clk 0:58:10]} 13. b4 {[%clk 1:06:57]} 13... Bb7 {
[%clk 0:57:38]} 14. Ng3 {[%clk 1:05:34]} 14... Rc8 {[%clk 0:53:25]} 15. Nce2 {
[%clk 1:03:26]} 15... Qc7 {[%clk 0:49:37]} 16. Be3 {[%clk 1:00:48]} 16... Rfd8
{[%clk 0:45:17]} 17. Ng1 {[%clk 1:00:01]} 17... d5 {[%clk 0:36:00]} 18. exd5 {
[%clk 0:58:39]} 18... Rxd5 {[%clk 0:35:46]} 19. Qe2 {[%clk 0:57:11]} 19... Rd7
{[%clk 0:33:19]} 20. Nh5 {[%clk 0:56:19]} 20... Nxh5 {[%clk 0:30:44]} 21. Qxh5
{[%clk 0:56:18]} 21... Bf6 {[%clk 0:30:55]} 22. Rae1 {[%clk 0:54:00]} 22... Nd4
{[%clk 0:26:13]} 23. Bxd4 {[%clk 0:52:55]} 23... Rxd4 {[%clk 0:25:47]} 24. Nf3
{[%clk 0:52:34]} 24... Bxf3 {[%clk 0:23:38]} 25. Qxf3 {[%clk 0:52:24]} 25...
Qc6 {[%clk 0:22:24]} 26. Be4 {[%clk 0:47:57]} 26... Qb6 {[%clk 0:20:55]} 27.
Qh5 {[%clk 0:45:26]} 27... Rcd8 {[%clk 0:16:06]} 28. g4 {[%clk 0:40:22]} 28...
R8d7 {[%clk 0:12:45]} 29. g5 {[%clk 0:39:37]} 29... Bd8 {[%clk 0:12:14]} 30. f6
{[%clk 0:39:10]} 30... Kf8 {[%clk 0:11:33]} 31. Qxh7 {[%clk 0:37:58]} 31...
gxf6 {[%clk 0:11:35]} 32. Qh8+ {[%clk 0:37:33]} 32... Ke7 {[%clk 0:11:59]} 33.
gxf6+ {[%clk 0:37:42]} 33... Kd6 {[%clk 0:10:59]} 34. Qf8+ {[%clk 0:34:09]}
34... Kc7 {[%clk 0:10:45]} 35. Qc5+ {[%clk 0:32:33]} 35... Qxc5 {[%clk 0:11:04]
} 36. bxc5 {[%clk 0:32:57]} 36... Rc4 {[%clk 0:10:51]} 37. h4 {[%clk 0:32:24]}
37... Rdd4 {[%clk 0:10:40]} 38. Bd3 {[%clk 0:31:46]} 38... Rxh4+ { [%clk
0:11:02]} 39. Kg2 {[%clk 0:32:05]} 39... Rxc5 {[%clk 0:11:19]} 40. Rf5 { [%clk
0:31:36]} 40... Rf4 {[%clk 0:09:23]} 41. Rxf4 {[%clk 0:30:35]} 41... exf4
{[%clk 0:09:46]} 42. Rf1 {[%clk 0:30:15]} 42... Rc6 {[%clk 0:09:30]} 43. Rxf4 {
[%clk 0:30:19]} 43... Rxf6 {[%clk 0:09:52]} 44. Rd4 {[%clk 0:29:46]} 44... Rd6
{[%clk 0:08:42]} 45. Rf4 {[%clk 0:29:30]} 45... Rf6 {[%clk 0:08:16]} 46. Rd4 {
[%clk 0:29:37]} 46... Rd6 {[%clk 0:08:29]} 47. Rf4 {[%clk 0:30:02]} 47... Rf6
1/2-1/2

[Event "DEM U12w 2018"]
[Site "Willingen GER"]
[Date "2018.05.25"]
[Round "9"]
[White "Wörz, Ann-Sophie"]
[Black "Keymer, Cecilia"]
[Result "1/2-1/2"]
[Termination "normal"]
[Board "9"]
[WhiteElo "1433"]
[BlackElo "1423"]
[WhiteClock "00:12:53"]
[BlackClock "00:12:33"]
[PlyCount "68"]
[WhiteFideId "16265890"]
[BlackFideId "16233468"]
[EventCountry "GER"]
[EventRounds "11"]
[EventType "swiss"]
[EventDate "2018.05.19"]

1. e4 e5 2. Nf3 Nc6 3. d4 exd4 4. Nxd4 Nf6 5. Nxc6 {[%clk 1:16:57]} 5... bxc6 {
[%clk 1:16:08]} 6. e5 {[%clk 1:17:01]} 6... Nd5 {[%clk 1:13:16]} 7. c4 { [%clk
1:16:37]} 7... Nb6 {[%clk 1:12:00]} 8. a3 {[%clk 1:11:58]} 8... d5 { [%clk
1:09:19]} 9. b3 {[%clk 0:58:20]} 9... Be6 {[%clk 0:59:52]} 10. Qc2 { [%clk
0:56:27]} 10... Be7 11. Bd3 {[%clk 0:54:22]} 11... h6 {[%clk 0:58:32]} 12. O-O
{[%clk 0:48:24]} 12... O-O 13. f4 13... f5 {[%clk 0:50:09]} 14. Be3 { [%clk
0:44:49]} 14... d4 {[%clk 0:47:02]} 15. Bf2 {[%clk 0:43:43]} 15... c5 { [%clk
0:45:27]} 16. Nd2 {[%clk 0:41:58]} 16... Bd7 {[%clk 0:40:26]} 17. Rfe1 { [%clk
0:40:29]} 17... Qc8 {[%clk 0:37:53]} 18. Re2 {[%clk 0:38:52]} 18... Be6 { [%clk
0:36:59]} 19. Rb1 {[%clk 0:37:05]} 19... a5 {[%clk 0:35:46]} 20. a4 { [%clk
0:36:09]} 20... Nd7 {[%clk 0:33:17]} 21. Rb2 {[%clk 0:32:54]} 21... Nb8 { [%clk
0:32:34]} 22. Be1 {[%clk 0:31:18]} 22... Na6 {[%clk 0:31:00]} 23. Nb1 { [%clk
0:31:01]} 23... Nb4 {[%clk 0:30:22]} 24. Bxb4 {[%clk 0:30:16]} 24... axb4
{[%clk 0:28:49]} 25. Rf2 {[%clk 0:27:56]} 25... c6 {[%clk 0:25:14]} 26. Rf3 {
[%clk 0:26:22]} 26... Bh4 {[%clk 0:22:30]} 27. Rh3 {[%clk 0:24:34]} 27... Qd8 {
[%clk 0:21:49]} 28. Qe2 {[%clk 0:22:45]} 28... Be7 {[%clk 0:18:41]} 29. Qf3 {
[%clk 0:20:28]} 29... Bd7 {[%clk 0:17:09]} 30. Re2 {[%clk 0:19:23]} 30... Qc8 {
[%clk 0:15:44]} 31. Qg3 {[%clk 0:15:53]} 31... Kh7 {[%clk 0:15:00]} 32. Qe1 {
[%clk 0:15:20]} 32... Be6 {[%clk 0:13:21]} 33. g4 {[%clk 0:12:56]} 33... g6 {
[%clk 0:12:33]} 34. g5 {[%clk 0:12:53]} 34... h5 1/2-1/2

[Event "DEM U12w 2018"]
[Site "Willingen GER"]
[Date "2018.05.25"]
[Round "9"]
[White "Buchholz, Maja"]
[Black "Becker, Linda"]
[Result "0-1"]
[Termination "normal"]
[Board "10"]
[WhiteElo "1320"]
[BlackElo "1464"]
[PlyCount "54"]
[WhiteFideId "16200500"]
[BlackFideId "16244753"]
[EventCountry "GER"]
[EventRounds "11"]
[EventType "swiss"]
[EventDate "2018.05.19"]

1. c4 b6 2. Nf3 Bb7 3. Nc3 c5 4. b3 g6 5. Bb2 Bg7 6. e3 e6 7. g3 Nf6 8. Bg2 O-O
9. O-O Nc6 10. a3 d5 11. cxd5 Nxd5 12. Qc2 Ne5 13. Nxe5 Bxe5 14. Ne4 Bxb2 15.
Qxb2 f5 16. Nc3 Qf6 17. Kh1 Rad8 18. Rac1 Ba6 19. Rfe1 Rfe8 20. Qc2 Nxc3 21.
dxc3 Rd6 22. e4 fxe4 23. Qxe4 Qxf2 24. Qb1 Rd2 25. Rg1 Bb7 26. Rcf1 Bxg2+ 27.
Rxg2 Qxg2# 0-1

[Event "DEM U12w 2018"]
[Site "Willingen GER"]
[Date "2018.05.25"]
[Round "9"]
[White "Adelmeyer, Nelly"]
[Black "Breß, Amy Charlize"]
[Result "0-1"]
[Termination "normal"]
[Board "11"]
[WhiteElo "1416"]
[BlackElo "1558"]
[PlyCount "98"]
[WhiteFideId "16203577"]
[BlackFideId "16233786"]
[EventCountry "GER"]
[EventRounds "11"]
[EventType "swiss"]
[EventDate "2018.05.19"]

1. d4 Nf6 2. Nf3 e6 3. e3 b6 4. Bd3 Bb7 5. Nbd2 c5 6. b3 d6 7. O-O Be7 8. Bb2
O-O 9. c4 Nbd7 10. Qc2 Qc7 11. e4 cxd4 12. Nxd4 a6 13. Rfe1 Nc5 14. N4f3 Rad8
15. b4 Nxd3 16. Qxd3 Rfe8 17. Qc2 Nd7 18. e5 dxe5 19. Nxe5 Nxe5 20. Rxe5 Bxb4
21. Nf3 Bxf3 22. gxf3 Rd2 23. Qb3 Bc5 24. Rf1 Red8 25. Rg5 Bf8 26. Qc3 R8d4 27.
Rg2 Qxc4 28. Qe3 Rxb2 29. Rc1 Qd3 30. Qe1 Rd2 31. Rg3 Rd1 32. Rxd1 Qxd1 33.
Qxd1 Rxd1+ 34. Kg2 Rd2 35. a4 Rd4 36. Rg4 Rxg4+ 37. fxg4 Bc5 38. f3 Kf8 39. Kf1
Ke7 40. Ke2 Kd6 41. f4 b5 42. axb5 axb5 43. Kd3 Kd5 44. h3 b4 45. h4 b3 46. Kc3
Ke4 47. Kxb3 Kxf4 48. Kc4 Kxg4 49. Kxc5 Kxh4 0-1

[Event "DEM U12w 2018"]
[Site "Willingen GER"]
[Date "2018.05.25"]
[Round "9"]
[White "Lorenz, Anouk"]
[Black "Nguyen, Jenny Ha-Linh"]
[Result "1/2-1/2"]
[Termination "normal"]
[Board "12"]
[WhiteElo "1310"]
[BlackElo "1360"]
[PlyCount "40"]
[WhiteFideId "12990256"]
[BlackFideId "16209729"]
[EventCountry "GER"]
[EventRounds "11"]
[EventType "swiss"]
[EventDate "2018.05.19"]

1. e4 e6 2. d4 d5 3. Bd3 Nf6 4. e5 Nfd7 5. Bf4 c5 6. c3 Nc6 7. Nf3 Qb6 8. Bc2
cxd4 9. cxd4 Be7 10. O-O O-O 11. Nc3 Nb4 12. Be3 Nxc2 13. Qxc2 a6 14. Rfc1 Qa7
15. a4 Nb8 16. Na2 Nc6 17. Qd2 a5 18. Ne1 Bd7 19. Nc2 Rfc8 20. b3 Rab8 1/2-1/2

[Event "DEM U12w 2018"]
[Site "Willingen GER"]
[Date "2018.05.25"]
[Round "9"]
[White "Sinner, Joselyne"]
[Black "Hubert, Charlotte"]
[Result "1-0"]
[Termination "normal"]
[Board "13"]
[WhiteElo "1541"]
[BlackElo "1219"]
[PlyCount "49"]
[WhiteFideId "16210387"]
[BlackFideId "16265920"]
[EventCountry "GER"]
[EventRounds "11"]
[EventType "swiss"]
[EventDate "2018.05.19"]

1. e4 d5 2. exd5 Qxd5 3. Nc3 Qa5 4. d4 Nf6 5. Nf3 Bg4 6. h3 Bh5 7. g4 Bg6 8.
Ne5 e6 9. Bg2 c6 10. Bd2 Bb4 11. a3 Bxc3 12. Bxc3 Qc7 13. Qe2 Qd6 14. O-O-O
Nbd7 15. Rhe1 Nf8 16. f4 O-O-O 17. h4 h6 18. h5 Bxh5 19. gxh5 Qc7 20. Bb4 Nd5
21. Bxd5 cxd5 22. Bc5 a6 23. Rd3 Kb8 24. Rc3 Qa5 25. Nxf7 1-0

[Event "DEM U12w 2018"]
[Site "Willingen GER"]
[Date "2018.05.25"]
[Round "9"]
[White "Voigt, Anastasia"]
[Black "Derling, Charlotte"]
[Result "1/2-1/2"]
[Termination "normal"]
[Board "14"]
[WhiteElo "1281"]
[BlackElo "1449"]
[PlyCount "102"]
[WhiteFideId "16235223"]
[BlackFideId "16222237"]
[EventCountry "GER"]
[EventRounds "11"]
[EventType "swiss"]
[EventDate "2018.05.19"]

1. e4 e5 2. Nf3 Nc6 3. Bc4 Nf6 4. d3 Be7 5. c3 d5 6. exd5 Nxd5 7. O-O O-O 8.
Re1 Bf6 9. Nbd2 Nb6 10. Ne4 Nxc4 11. Nxf6+ Qxf6 12. dxc4 Bg4 13. Re3 Rfe8 14.
Qd5 Rad8 15. Qe4 Rd1+ 16. Ne1 Red8 17. Qxg4 R8d3 18. Qe2 Rd6 19. b3 h6 20. Bb2
R1d2 21. Qf3 Qxf3 22. Nxf3 Rxb2 23. Nxe5 Nxe5 24. Rxe5 Rdd2 25. Rf1 Kf8 26.
Rfe1 Kg8 27. Rf1 Rxa2 28. Re7 Ra3 29. Rb1 Rxb3 30. Rf1 c6 31. h3 Rc2 32. Rd1
Rcxc3 33. Rdd7 Rd3 34. Rc7 Rd6 35. Rxf7 Rg6 36. Rxb7 Rxb7 37. Rxb7 a5 38. Ra7
Rg5 39. Ra6 Rc5 40. Kf1 Kf7 41. Ke2 Rxc4 42. Rxa5 Rc2+ 43. Ke3 c5 44. Ra6 c4
45. Rc6 c3 46. g3 Rc1 47. h4 Re1+ 48. Kd3 Rd1+ 49. Ke3 Re1+ 50. Kf3 Rc1 51. Ke3
Re1+ 1/2-1/2

[Event "DEM U12w 2018"]
[Site "Willingen GER"]
[Date "2018.05.25"]
[Round "9"]
[White "Heckler, Florentine"]
[Black "Kumas, Alina"]
[Result "1-0"]
[Termination "normal"]
[Board "16"]
[WhiteElo "1284"]
[BlackElo "1157"]
[PlyCount "75"]
[WhiteFideId "16240316"]
[BlackFideId "16235789"]
[EventCountry "GER"]
[EventRounds "11"]
[EventType "swiss"]
[EventDate "2018.05.19"]

1. Nf3 c5 2. g3 Nc6 3. Bg2 e5 4. d3 g6 5. c3 Bg7 6. Be3 d6 7. d4 b6 8. dxe5 d5
9. Bg5 Qd7 10. Bf4 h6 11. h4 Nge7 12. c4 dxc4 13. Qxd7+ Bxd7 14. Nfd2 Rc8 15.
Nxc4 O-O 16. Nc3 Rc7 17. e6 Bxe6 18. Bxc7 Bxc4 19. O-O Rc8 20. Bd6 Nf5 21. Bxc6
Rxc6 22. Bb8 a6 23. Rfd1 Rc8 24. Bf4 Re8 25. e3 b5 26. Bc7 b4 27. Na4 Bb5 28.
Nxc5 Rc8 29. Rd8+ Rxd8 30. Bxd8 Bxb2 31. Rb1 Bc3 32. Ba5 Bc4 33. a3 Ba2 34. Rd1
Ne7 35. Bxb4 Bxb4 36. axb4 Nc6 37. Nxa6 Bc4 38. Rb1 1-0

[Event "DEM U12w 2018"]
[Site "Willingen GER"]
[Date "2018.05.25"]
[Round "9"]
[White "Müller, Alina"]
[Black "Shapiro, Nina"]
[Result "0-1"]
[Termination "normal"]
[Board "17"]
[WhiteElo "1208"]
[BlackElo "1281"]
[PlyCount "58"]
[WhiteFideId "16265939"]
[BlackFideId "16260007"]
[EventCountry "GER"]
[EventRounds "11"]
[EventType "swiss"]
[EventDate "2018.05.19"]

1. d4 Nf6 2. Nf3 g6 3. e3 Bg7 4. b4 O-O 5. Nbd2 b6 6. Bb2 Bb7 7. Be2 d6 8. Rb1
Nbd7 9. O-O c5 10. a3 Re8 11. Bc4 h6 12. c3 e5 13. dxe5 dxe5 14. Qb3 Re7 15.
Rbd1 Qc7 16. a4 Rb8 17. Ne1 Kf8 18. f4 exf4 19. exf4 Qc6 20. b5 Qc8 21. Nef3
Nh5 22. Nh4 Ndf6 23. Rde1 Rxe1 24. Rxe1 Qg4 25. Nhf3 Bxf3 26. Nxf3 Nxf4 27. g3
Qxf3 28. gxf4 Qxf4 29. Bxf7 Ng4 0-1

[Event "DEM U12w 2018"]
[Site "Willingen GER"]
[Date "2018.05.25"]
[Round "9"]
[White "Feige, Adelina"]
[Black "von Rosen, Anna"]
[Result "1-0"]
[Termination "normal"]
[Board "18"]
[WhiteElo "1166"]
[BlackElo "1395"]
[PlyCount "69"]
[WhiteFideId "16265955"]
[BlackFideId "12982997"]
[EventCountry "GER"]
[EventRounds "11"]
[EventType "swiss"]
[EventDate "2018.05.19"]

1. d4 d5 2. c4 c6 3. Nc3 Nf6 4. Bg5 e6 5. Nf3 h6 6. Bh4 Bd6 7. c5 Be7 8. e3
Nbd7 9. Bd3 b6 10. b4 bxc5 11. bxc5 Rb8 12. O-O O-O 13. Rb1 Rxb1 14. Qxb1 Ng4
15. Bxe7 Qxe7 16. h3 Ngf6 17. e4 dxe4 18. Nxe4 Nxe4 19. Bxe4 e5 20. Re1 Nf6 21.
Bxc6 Qe6 22. Nxe5 Qf5 23. Qxf5 Bxf5 24. d5 Rd8 25. d6 Kf8 26. Bb5 Bc2 27. d7 a6
28. Bxa6 Nxd7 29. Nxd7+ Rxd7 30. c6 Rc7 31. Bb7 Ba4 32. Rc1 f5 33. Rc4 Bb5 34.
Rc5 Bd3 35. a4 1-0

[Event "DEM U12w 2018"]
[Site "Willingen GER"]
[Date "2018.05.25"]
[Round "9"]
[White "Prinzen, Siri Marleen"]
[Black "Alhassan, Jodi"]
[Result "1-0"]
[Termination "normal"]
[Board "19"]
[WhiteElo "1227"]
[BlackElo "1114"]
[PlyCount "83"]
[WhiteFideId "16265912"]
[BlackFideId "16250460"]
[EventCountry "GER"]
[EventRounds "11"]
[EventType "swiss"]
[EventDate "2018.05.19"]

1. e4 c5 2. d4 cxd4 3. c3 dxc3 4. Nxc3 Nc6 5. Bc4 e6 6. Nf3 d6 7. O-O Nf6 8.
Re1 Qc7 9. h3 Be7 10. Bd2 O-O 11. a3 a6 12. a4 b6 13. Qe2 Bb7 14. Rac1 Rfd8 15.
Bf4 e5 16. Bh2 Qd7 17. Ng5 Rf8 18. Ba2 h6 19. Nxf7 Rxf7 20. Bxf7+ Kxf7 21. Qc4+
Kf8 22. Qb3 Bd8 23. f4 Qf7 24. Qxf7+ Kxf7 25. fxe5 dxe5 26. Rf1 Nd4 27. Bxe5
Rc8 28. Bxd4 Rc4 29. Bxf6 Bxf6 30. e5 Rb4 31. exf6 gxf6 32. Rc2 Rc4 33. Rcf2
Rc6 34. Nd5 Ke8 35. Nxf6+ Kd8 36. Rd1+ Kc8 37. Nd5 Kb8 38. Rf8+ Ka7 39. Rf6 Rc2
40. Rxh6 Rxb2 41. Rh7 a5 42. g4 1-0

[Event "DEM U12w 2018"]
[Site "Willingen GER"]
[Date "2018.05.25"]
[Round "9"]
[White "Kanno, Clara Yumi"]
[Black "Gossing, Marie-Sophie"]
[Result "1/2-1/2"]
[Termination "normal"]
[Board "20"]
[WhiteElo "1073"]
[BlackElo "1309"]
[PlyCount "55"]
[WhiteFideId "16259661"]
[BlackFideId "16217284"]
[EventCountry "GER"]
[EventRounds "11"]
[EventType "swiss"]
[EventDate "2018.05.19"]

1. e4 e5 2. Nf3 Nf6 3. Nxe5 d6 4. Nf3 Nxe4 5. Nc3 Nxc3 6. dxc3 Bg4 7. Bd3 Nc6
8. Be3 Ne5 9. Be2 Be7 10. h3 Bh5 11. Nd2 Bg6 12. Bb5+ c6 13. Be2 Nd7 14. Bd3
Nb6 15. Qe2 Qc7 16. Bf4 O-O-O 17. O-O Bxd3 18. cxd3 h5 19. a4 g5 20. Bh2 a6 21.
b4 Qd7 22. c4 Rde8 23. Qf3 g4 24. hxg4 hxg4 25. Qxf7 Ref8 26. Qg7 Rfg8 27. Qf7
Qe6 28. Rfe1 1/2-1/2

[Event "DEM U12w 2018"]
[Site "Willingen GER"]
[Date "2018.05.25"]
[Round "10"]
[White "Schneider, Anna"]
[Black "Bashylina, Luisa"]
[Result "0-1"]
[Termination "normal"]
[Board "1"]
[WhiteElo "1432"]
[BlackElo "1764"]
[WhiteClock "00:36:13"]
[BlackClock "00:56:16"]
[PlyCount "82"]
[WhiteFideId "16200527"]
[BlackFideId "12983292"]
[EventCountry "GER"]
[EventRounds "11"]
[EventType "swiss"]
[EventDate "2018.05.19"]

1. e4 {[%clk 1:15:59]} 1... c5 {[%clk 1:15:57]} 2. Nf3 {[%clk 1:16:21]} 2... a6
{[%clk 1:16:19]} 3. c4 {[%clk 1:16:46]} 3... Nc6 {[%clk 1:16:07]} 4. d4 { [%clk
1:16:57]} 4... cxd4 {[%clk 1:14:24]} 5. Nxd4 {[%clk 1:17:09]} 5... e5 { [%clk
1:12:50]} 6. Nxc6 {[%clk 1:16:53]} 6... bxc6 {[%clk 1:13:14]} 7. Nc3 { [%clk
1:16:53]} 7... Bb4 {[%clk 1:13:17]} 8. Qc2 {[%clk 1:17:13]} 8... Nf6 { [%clk
1:13:35]} 9. Bd3 {[%clk 1:17:16]} 9... O-O {[%clk 1:11:34]} 10. O-O { [%clk
1:17:08]} 10... h6 {[%clk 1:10:33]} 11. a3 {[%clk 1:17:17]} 11... Be7 { [%clk
1:09:43]} 12. h3 {[%clk 1:17:05]} 12... Bb7 {[%clk 1:09:52]} 13. Be3 { [%clk
1:16:48]} 13... d5 {[%clk 1:08:45]} 14. cxd5 {[%clk 1:16:09]} 14... cxd5 {[%clk
1:08:44]} 15. exd5 {[%clk 1:16:09]} 15... Nxd5 {[%clk 1:08:55]} 16. Nxd5 {[%clk
1:16:13]} 16... Qxd5 {[%clk 1:09:16]} 17. f3 {[%clk 1:15:34]} 17... Rac8 {[%clk
1:08:59]} 18. Qe2 {[%clk 1:14:42]} 18... Qb3 {[%clk 1:05:19]} 19. Rac1 { [%clk
1:12:51]} 19... a5 {[%clk 1:03:46]} 20. Bc2 {[%clk 1:01:23]} 20... Qe6 { [%clk
1:00:47]} 21. Qd3 {[%clk 1:00:06]} 21... e4 {[%clk 1:00:17]} 22. fxe4 { [%clk
0:59:32]} 22... Ba6 {[%clk 1:00:28]} 23. Qd2 {[%clk 0:57:42]} 23... Bxf1 {[%clk
0:59:55]} 24. Rxf1 {[%clk 0:57:41]} 24... Rfd8 {[%clk 0:59:24]} 25. Qf2 {[%clk
0:57:19]} 25... Bf6 {[%clk 0:57:03]} 26. b3 {[%clk 0:51:27]} 26... Rc3 { [%clk
0:54:36]} 27. Bd1 {[%clk 0:45:39]} 27... Rxe3 {[%clk 0:54:30]} 28. Bc2 { [%clk
0:40:31]} 28... Bd4 {[%clk 0:54:06]} 29. Kh2 {[%clk 0:37:36]} 29... Rxh3+
{[%clk 0:53:39]} 30. gxh3 {[%clk 0:37:49]} 30... Bxf2 {[%clk 0:54:02]} 31. Rxf2
{[%clk 0:38:03]} 31... Qe5+ {[%clk 0:54:09]} 32. Kh1 {[%clk 0:38:03]} 32... Qc5
{[%clk 0:54:20]} 33. Kg2 {[%clk 0:38:05]} 33... Qxa3 {[%clk 0:54:27]} 34. e5 {
[%clk 0:37:54]} 34... Qc5 {[%clk 0:54:31]} 35. Re2 {[%clk 0:37:19]} 35... Re8 {
[%clk 0:54:38]} 36. Kf1 {[%clk 0:35:58]} 36... Rxe5 {[%clk 0:54:51]} 37. Rd2 {
[%clk 0:36:03]} 37... Re8 {[%clk 0:54:49]} 38. h4 {[%clk 0:35:33]} 38... Qe5 {
[%clk 0:55:02]} 39. Kg2 {[%clk 0:35:30]} 39... Qe2+ {[%clk 0:55:19]} 40. Rxe2 {
[%clk 0:35:54]} 40... Rxe2+ {[%clk 0:55:48]} 41. Kg3 {[%clk 0:36:13]} 41...
Rxc2 {[%clk 0:56:16]} 0-1

[Event "DEM U12w 2018"]
[Site "Willingen GER"]
[Date "2018.05.25"]
[Round "10"]
[White "Pohle, Saskia"]
[Black "Zhou, Lepu Coco"]
[Result "1/2-1/2"]
[Termination "normal"]
[Board "2"]
[WhiteElo "1611"]
[BlackElo "1720"]
[WhiteClock "00:05:20"]
[BlackClock "00:05:07"]
[PlyCount "47"]
[WhiteFideId "16201604"]
[BlackFideId "16217136"]
[EventCountry "GER"]
[EventRounds "11"]
[EventType "swiss"]
[EventDate "2018.05.19"]

1. e4 {[%clk 1:15:58]} 1... e5 {[%clk 1:15:56]} 2. Nf3 {[%clk 1:16:24]} 2...
Nc6 {[%clk 1:16:22]} 3. d4 {[%clk 1:16:50]} 3... exd4 {[%clk 1:16:47]} 4. Bc4 {
[%clk 1:17:16]} 4... Nf6 {[%clk 1:17:11]} 5. O-O {[%clk 1:17:42]} 5... Bc5 {
[%clk 1:17:34]} 6. e5 {[%clk 1:05:58]} 6... d5 {[%clk 1:17:54]} 7. Bd3 { [%clk
1:02:07]} 7... Ne4 {[%clk 1:15:44]} 8. Qe2 {[%clk 1:01:34]} 8... Bf5 { [%clk
1:09:12]} 9. Nbd2 {[%clk 0:57:54]} 9... Nxd2 {[%clk 1:09:03]} 10. Bxd2 { [%clk
0:58:07]} 10... Bxd3 {[%clk 1:08:54]} 11. Qxd3 {[%clk 0:58:30]} 11... Qd7
{[%clk 1:08:53]} 12. a3 {[%clk 0:54:02]} 12... a6 {[%clk 0:53:46]} 13. Rae1 {
[%clk 0:43:16]} 13... O-O-O {[%clk 0:50:07]} 14. b4 {[%clk 0:42:59]} 14... Bb6
{[%clk 0:50:11]} 15. a4 {[%clk 0:40:34]} 15... a5 {[%clk 0:36:56]} 16. bxa5 {
[%clk 0:37:07]} 16... Nxa5 {[%clk 0:35:25]} 17. Rb1 {[%clk 0:30:45]} 17... Nc4
{[%clk 0:30:25]} 18. Nxd4 {[%clk 0:20:18]} 18... Nxe5 {[%clk 0:29:01]} 19. Qb3
{[%clk 0:19:40]} 19... Qg4 {[%clk 0:27:20]} 20. Nb5 {[%clk 0:16:20]} 20... Qc4
{[%clk 0:15:51]} 21. Qg3 {[%clk 0:12:33]} 21... Rde8 {[%clk 0:10:30]} 22. Bc3 {
[%clk 0:08:38]} 22... d4 {[%clk 0:07:53]} 23. Rb4 {[%clk 0:06:31]} 23... Qd5 {
[%clk 0:05:07]} 24. Bxd4 {[%clk 0:05:20]} 1/2-1/2